Language and linguistics : (Record no. 7637)

MARC details
000 -LEADER
fixed length control field 00493cam a2200205ua 4500
001 - CONTROL NUMBER
control field 8542
005 - DATE AND TIME OF LATEST TRANSACTION
control field 20260515114339.0
008 - FIXED-LENGTH DATA ELEMENTS--GENERAL INFORMATION
fixed length control field 150213n ii |||gr||||Z||||||eng
020 ## - INTERNATIONAL STANDARD BOOK NUMBER
International Standard Book Number 9780521540889
040 ## - CATALOGING SOURCE
Transcribing agency MAIN
041 ## - LANGUAGE CODE
Language code of text/sound track or separate title eng
082 ## - DEWEY DECIMAL CLASSIFICATION NUMBER
Classification number 400
100 ## - MAIN ENTRY--PERSONAL NAME
Personal name Lyons, J.,
Relator term Author.
245 ## - TITLE STATEMENT
Title Language and linguistics :
Remainder of title Introduction /
Statement of responsibility, etc. By John Lyons .
250 ## - EDITION STATEMENT
Edition statement 1st.
260 ## - PUBLICATION, DISTRIBUTION, ETC.
Place of publication, distribution, etc. New Delhi:
Name of publisher, distributor, etc. Cambridge,
Date of publication, distribution, etc. 2007.
300 ## - PHYSICAL DESCRIPTION
Extent xii,356p.
653 ## - INDEX TERM--UNCONTROLLED
Uncontrolled term Language
942 ## - ADDED ENTRY ELEMENTS (KOHA)
Koha item type Books
Holdings
Withdrawn status Lost status Damaged status Not for loan Home library Current library Shelving location Date acquired Total checkouts Full call number Barcode Date last seen Copy number Price effective from Koha item type
        Naharkatiya College Library Naharkatiya College Library General stacks 09/19/2020   400 | LYO 18344 09/19/2020 1 09/19/2020 Books
        Naharkatiya College Library Naharkatiya College Library General stacks 09/19/2020   400 | LYO 18345 09/19/2020 2 09/19/2020 Books